Path integrals in quantum mechanics
Guardat en:
| Autor principal: | |
|---|---|
| Format: | Llibre |
| Idioma: | anglès |
| Publicat: |
Oxford
Oxford University
2005
|
| Edició: | 1a. ed |
| Col·lecció: | Oxford Graduate Texts
|
| Matèries: | |
| Etiquetes: |
Afegir etiqueta
Sense etiquetes, Sigues el primer a etiquetar aquest registre!
|
MARC
| LEADER | 00000nam a2200000 a 4500 | ||
|---|---|---|---|
| 001 | UCH7826 | ||
| 003 | CL-VaPUC | ||
| 008 | 091126e20050000UK |||||||||||||||||eng|d | ||
| 020 | |a 0198566743 | ||
| 082 | 0 | 4 | |a 530.12 |b ZIN |2 21 |
| 100 | 0 | |a Zinn-Justin, Jean |e author |9 544178 | |
| 245 | 1 | 0 | |a Path integrals in quantum mechanics |
| 250 | |a 1a. ed | ||
| 300 | |a 318 p | ||
| 942 | |c BK | ||
| 945 | |d 20091126 00:00:00 |a cmena | ||
| 260 | |a Oxford |b Oxford University |c 2005 | ||
| 650 | 0 | |a Mecánica cuántica |9 306806 | |
| 650 | 0 | |a Funciones (Matemáticas) |9 338128 | |
| 650 | 0 | |a Física matemática |9 260981 | |
| 650 | 7 | |a ESTADISTICA FISICA |2 CL-VaPUC |9 391891 | |
| 650 | 0 | |a Teoría cuántica |9 266148 | |
| 583 | |a last modification |c 20091126 00:00:00 |k Rodrigo Vera | ||
| 490 | 0 | |a Oxford Graduate Texts | |
| 999 | |c 338174 |d 338172 | ||
| 952 | |0 0 |1 0 |4 0 |6 530_120000000000000_ZIN_2005 |7 0 |8 A |9 431038 |a BIBCUR |b BIBCUR |d 2019-11-22 |i 4621921 |l 2 |o 530.12 ZIN 2005 |p 4621921 |r 2025-04-22 |s 2022-11-09 |w 2019-11-22 |y BK |k DCF | ||